000 02708nam a22003737a 4500
005 20111219121235.0
010 _aB-481882-893
020 _a8186838279
_c75.00
020 _a9788186838273
_c75.00
035 _aB-481882-893
037 _bBlue Berry/Ven
082 _aS
100 _aNaidu, Vayu
_953639
245 _aeyes on the peacok'd tail a folktale from Rajasthan /
_cby Vayu Naidu; art by Mugdha Shah
260 _aChennai
_bTulika Publishers
_c2010
270 _a13, Prithvi Avenue, Abhiramaouram
_bChennai
_e600 018
300 _aunpaged
_bill.
_c23cm(pbk)
650 _aStories
_9938
700 _a Shah, Mugdha
_937103
942 _2ddc
_cCH
_mNAI
_hS
999 _c59594
_d59594